| 000 | nam a22 7a 4500 | ||
|---|---|---|---|
| 999 |
_c138883 _d138881 |
||
| 005 | 20180306110542.0 | ||
| 008 | 180306b xxu||||| |||| 00| 0 eng d | ||
| 020 | _a9788131906439 | ||
| 020 | _a9788131906828 | ||
| 050 | 0 | 4 |
_aPS508.W7 _bA76 2000 |
| 100 | 1 |
_aArora, Geeta Rani _ejefe de redacción |
|
| 245 | 1 | 0 |
_aIllustrated encyclopedia / _cManaging editor : Dr. Geeta Rani Kaur; editor Ms. Pawanpreet Kaur |
| 260 |
_aNueva Delhi : _bPegasus, _c2000 |
||
| 300 |
_a8 v. : _bil. ; _c28 cm. |
||
| 490 | 0 | _aIllustrated encyclopedia | |
| 504 | _aIncluye índice | ||
| 505 | 1 |
_aContenido : _tv.1 Communication -- v.2 Transport |
|
| 650 | 7 |
_2lemb _aLibros de lectura _vInglés |
|
| 700 | 1 |
_aKaur, Pawanpreet _eed. |
|
| 942 |
_2lcc _cLIB |
||